000 00685cam a2200229 a 4500
001 618859
005 20180228031931.0
008 920623s1993 wiua b 001 0 eng
010 _a 92081288
020 _a0697126439
040 _aDLC
_cDLC
_dDLC
041 _aeng
080 _a152.334 ROB
082 0 0 _a152.334 ROB
_220
100 1 _a6
101 _aANA
245 1 0 _aMotor learning :
_cRichard A. Migill.
504 _aIncludes bibliographical references (p. 424-444) and indexes.
906 _a7
_bcbc
_corignew
_d3
_eopcn
_f19
_gy-gencatlg
942 _2ddc
_cBK
999 _c43667
_d43667